书目信息 |
| 题名: |
数据拟合与不确定度
|
|
| 作者: | 斯特鲁兹 著 ;王鼎 译 | |
| 分册: | ||
| 出版信息: | 北京 国防工业出版社 2019.03 |
|
| 页数: | XIV, 243页, 12页页图版 | |
| 开本: | 25cm | |
| 丛书名: | ||
| 单 册: | ||
| 中图分类: | O241.5 | |
| 科图分类: | ||
| 主题词: | 最小二乘法--zui xiao er cheng fa--研究 | |
| 电子资源: | ||
| ISBN: | 978-7-118-11834-6 | |
| 000 | 01395nam0 2200313 450 | |
| 001 | 202019133837 | |
| 005 | 20190921113345.0 | |
| 010 | @a978-7-118-11834-6@b精装@dCNY119.00 | |
| 100 | @a20190919d2019 em y0chiy50 ea | |
| 101 | 1 | @achi@cger |
| 102 | @aCN@b110000 | |
| 105 | @aafk a 000yy | |
| 106 | @ar | |
| 200 | 1 | @a数据拟合与不确定度@Ashu ju ni he yu bu que ding du@e加权最小二乘拟合及其推广@d= Data Fitting and uncertainty@ea practical introduction to weighted least squares and beyond@f(德) Tilo Strutz著@g王鼎 ... [等] 译@zeng |
| 210 | @a北京@c国防工业出版社@d2019.03 | |
| 215 | @aXIV, 243页, 12页页图版@c图@d25cm | |
| 300 | @a装备科技译著出版基金 | |
| 304 | @a责任者规范汉译姓: 斯特鲁兹 | |
| 305 | @a据原书第2版译出 | |
| 320 | @a有书目 | |
| 330 | @a本书的首要目标是阐述如何利用最小二乘方法实现数据拟合, 其中重点关注实际问题, 而并非理论问题。此外, 书中详细讨论了很多数据拟合实例, 可以帮助读者设计出能应用于具体模型函数的软件。 | |
| 510 | 1 | @aData Fitting and uncertainty@ea practical introduction to weighted least squares and beyond@zeng |
| 517 | 1 | @a加权最小二乘拟合及其推广@Ajia quan zui xiao er cheng ni he ji qi tui guang |
| 606 | 0 | @a最小二乘法@Azui xiao er cheng fa@x研究 |
| 690 | @aO241.5@v5 | |
| 701 | 1 | @a斯特鲁兹@Asi te lu zi@g(Strutz, Tilo)@4著 |
| 702 | 0 | @a王鼎@Awang ding@4译 |
| 801 | 0 | @aCN@c20190905 |
| 905 | @a河南城建学院图书馆@dO241.5@eS709 | |
| 数据拟合与不确定度:加权最小二乘拟合及其推广= Data Fitting and uncertainty:a practical introduction to weighted least squares and beyond/(德) Tilo Strutz著/王鼎 ... [等] 译.-北京:国防工业出版社,2019.03 |
| XIV, 243页, 12页页图版:图;25cm |
| 装备科技译著出版基金 |
| ISBN 978-7-118-11834-6(精装):CNY119.00 |
| 本书的首要目标是阐述如何利用最小二乘方法实现数据拟合, 其中重点关注实际问题, 而并非理论问题。此外, 书中详细讨论了很多数据拟合实例, 可以帮助读者设计出能应用于具体模型函数的软件。 |
| ● |
| 相关链接 |
|
|
|
正题名:数据拟合与不确定度
索取号:O241.5/S709
 
预约/预借
| 序号 | 登录号 | 条形码 | 馆藏地/架位号 | 状态 | 备注 |
| 1 | 1441436 | 214414365 | 自科库401/401自科库 49排5列1层/ [索取号:O241.5/S709] | 在馆 |